[Event "ICS rated blitz match"]
[Site "204.178.125.65"]
[Date "2000.11.19"]
[Round "?"]
[White "Hossa"]
[Black "Motoman"]
[Result "1-0"]
[WhiteElo "2562"]
[BlackElo "2022"]
[PlyCount "99"]
[EventDate "2000.??.??"]

1. d4 f5 2. c4 d6 3. e4 fxe4 4. Nc3 Nf6 5. Bg5 Nc6 6. d5 Ne5 7. Bxf6 exf6 8.
Nxe4 f5 9. Nc3 g6 10. f4 Nf7 11. Bd3 Bg7 12. Qe2+ Qe7 13. Nb5 Qxe2+ 14. Nxe2
Kd8 15. Nbd4 Re8 16. O-O Bd7 17. Rfe1 c5 18. Nf3 Kc7 19. Nc3 a6 20. Rac1 Rxe1+
21. Rxe1 Re8 22. Rxe8 Bxe8 23. Kf2 Bf6 24. Ke3 Bd7 25. h3 Nh6 26. Kd2 Nf7 27.
h4 Nh6 28. Ng5 Bxg5 29. hxg5 Ng4 30. Be2 Nf2 31. Ke3 Ng4+ 32. Bxg4 fxg4 33. Ne4
b5 34. cxb5 Bxb5 35. Nf6 Bc4 36. b3 Bf1 37. Kf2 Bd3 38. Nxh7 Bb1 39. Nf6 Bxa2
40. f5 Bb1 41. fxg6 Bxg6 42. Nxg4 Bc2 43. Ne3 Bg6 44. Kf3 Kb6 45. Nc4+ Kb5 46.
Nxd6+ Kb4 47. Ne4 Kxb3 48. Nxc5+ Kc4 49. d6 Bf5 50. d7 {Motoman resigns} 1-0

[Event "ICS rated blitz match"]
[Site "204.178.125.65"]
[Date "2000.11.19"]
[Round "?"]
[White "AdvancedChess"]
[Black "Hossa"]
[Result "1-0"]
[WhiteElo "2894"]
[BlackElo "2563"]
[PlyCount "99"]
[EventDate "2000.??.??"]

1. e4 c6 2. d4 d5 3. Nc3 dxe4 4. Nxe4 Nd7 5. Bc4 Ngf6 6. Nxf6+ Nxf6 7. c3 b5 8.
Bb3 e6 9. Nf3 Bd6 10. O-O O-O 11. Bc2 Ba6 12. Qd3 c5 13. Bg5 c4 14. Qe3 Bb7 15.
Ne5 Be7 16. Qg3 Nh5 17. Qg4 Bxg5 18. Qxh5 g6 19. Qg4 Qe7 20. f4 Bh6 21. Qh3 Bg7
22. Rae1 Rac8 23. Ng4 h5 24. Ne5 Bd5 25. f5 Qg5 26. fxg6 f5 27. Bd1 b4 28. Bf3
Bxf3 29. Rxf3 bxc3 30. bxc3 Bxe5 31. Rxe5 Rf6 32. d5 Rb8 33. Rf1 exd5 34. Qf3
Qxg6 35. Qxd5+ Qf7 36. Qc5 Rb7 37. Rexf5 Rxf5 38. Rxf5 Rb1+ 39. Kf2 Rb2+ 40.
Kg3 Rxg2+ 41. Kxg2 Qb7+ 42. Kh3 Qd7 43. Qf8+ Kh7 44. Kh4 Qxf5 45. Qxf5+ Kh6 46.
Qf6+ Kh7 47. Kg5 a5 48. Qf7+ Kh8 49. Kg6 h4 50. Qh7# {Hossa checkmated} 1-0

[Event "ICS rated blitz match"]
[Site "204.178.125.65"]
[Date "2000.11.19"]
[Round "?"]
[White "Hossa"]
[Black "Motoman"]
[Result "1-0"]
[WhiteElo "2559"]
[BlackElo "2021"]
[PlyCount "89"]
[EventDate "2000.??.??"]

1. d4 f5 2. c4 g6 3. Nf3 Nf6 4. Bf4 Bg7 5. e3 d6 6. Bd3 c6 7. O-O O-O 8. Nc3
Kh8 9. b4 Be6 10. Qb3 Bg8 11. b5 Qc7 12. bxc6 bxc6 13. Rab1 Nbd7 14. Qb7 Rfc8
15. Qxc7 Rxc7 16. Rfc1 Nh5 17. Bg5 Bf6 18. Bh6 e5 19. dxe5 Nxe5 20. Nxe5 dxe5
21. Rb2 e4 22. Be2 Ng7 23. f3 exf3 24. gxf3 Ne6 25. a3 Nc5 26. Rbc2 Rd7 27. Rd1
Rad8 28. Rxd7 Rxd7 29. Na2 Be6 30. Nb4 Rc7 31. Rd2 Rd7 32. Rxd7 Bxd7 33. Nd3
Nxd3 34. Bxd3 Bb2 35. Bf8 Kg8 36. Bc5 Kf7 37. Kg2 Be6 38. e4 fxe4 39. fxe4 Kf6
40. Bxa7 Bxa3 41. Bd4+ Kg5 42. Kg3 Bd6+ 43. e5 Bc7 44. Be3+ Kh5 45. Be2+ {
Motoman resigns} 1-0

[Event "ICS rated blitz match"]
[Site "204.178.125.65"]
[Date "2000.11.19"]
[Round "?"]
[White "Motoman"]
[Black "Hossa"]
[Result "1/2-1/2"]
[WhiteElo "2020"]
[BlackElo "2560"]
[PlyCount "131"]
[EventDate "2000.??.??"]

1. e4 c6 2. Nc3 e6 3. d4 d5 4. a3 dxe4 5. Nxe4 Be7 6. Nf3 Nf6 7. Nxf6+ Bxf6 8.
Bf4 c5 9. Be5 Nc6 10. Bxf6 Qxf6 11. c3 cxd4 12. Nxd4 e5 13. Nxc6 Qxc6 14. Qd3
O-O 15. Qb5 Qe4+ 16. Qe2 Qf5 17. Qd3 Qg4 18. Qe2 Qd7 19. Qb5 Qc7 20. Be2 Bd7
21. Qb4 Rfd8 22. O-O Bf5 23. Rad1 Bc2 24. Rxd8+ Rxd8 25. c4 Be4 26. Qc3 Rd4 27.
Rd1 Qd6 28. Rxd4 exd4 29. Qb4 Qxb4 30. axb4 d3 31. Bd1 d2 32. f3 Bd3 33. c5 f5
34. f4 Be4 35. g3 g5 36. fxg5 Kf7 37. Kf2 Ke6 38. Ke3 Kf7 39. Kxd2 Kg6 40. h4
Bd5 41. Ke3 Be6 42. Be2 a6 43. b5 axb5 44. Bxb5 Kg7 45. Kf4 Bd5 46. Ke5 Bf3 47.
Kxf5 Bh5 48. g4 Bg6+ 49. Ke5 Bc2 50. Bd7 Bd1 51. Bc8 Bf3 52. b4 Bc6 53. b5 Bxb5
54. Bxb7 Be2 55. c6 Bf3 56. Kd6 Bxg4 57. c7 Bf5 58. c8=Q Bxc8 59. Bxc8 h6 60.
Bf5 Kf7 61. Ke5 Ke7 62. gxh6 Kf7 63. Be6+ Kg6 64. h5+ Kh7 65. Kf6 Kh8 66. Kg6 {
Hossa stalemated} 1/2-1/2

[Event "ICS rated blitz match"]
[Site "204.178.125.65"]
[Date "2000.11.19"]
[Round "?"]
[White "Motoman"]
[Black "Hossa"]
[Result "0-1"]
[WhiteElo "2033"]
[BlackElo "2547"]
[PlyCount "92"]
[EventDate "2000.??.??"]

1. e4 e5 2. Nf3 Nf6 3. Nxe5 d6 4. Nf3 Nxe4 5. d4 Bg4 6. Bd3 d5 7. O-O Nc6 8. c4
Nb4 9. Be2 Be7 10. Nc3 O-O 11. a3 Nxc3 12. bxc3 Nc6 13. cxd5 Qxd5 14. h3 Bf5
15. Bf4 Rac8 16. Re1 Be4 17. Bf1 Bxf3 18. Qxf3 Qxf3 19. gxf3 Bd6 20. Bg3 Rfe8
21. Bb5 Rxe1+ 22. Rxe1 Bxa3 23. Bxc6 bxc6 24. Ra1 Bb2 25. Rxa7 Bxc3 26. Ra4 Kf8
27. Rc4 Bb2 28. Bf4 Ke7 29. Be3 Kd7 30. Kg2 Ba3 31. Ra4 Bd6 32. Ra5 Rb8 33. Rh5
h6 34. Rf5 Ke6 35. Ra5 Rb5 36. Ra6 Kd7 37. Ra8 c5 38. dxc5 Bxc5 39. Rg8 Bxe3
40. fxe3 g6 41. e4 h5 42. f4 Rb2+ 43. Kf3 Rb3+ 44. Kg2 h4 45. f5 Rg3+ 46. Kf2
gxf5 {Motoman resigns} 0-1

[Event "ICS rated blitz match"]
[Site "204.178.125.65"]
[Date "2000.11.19"]
[Round "?"]
[White "Hossa"]
[Black "Tinker"]
[Result "1/2-1/2"]
[WhiteElo "2554"]
[BlackElo "2545"]
[PlyCount "178"]
[EventDate "2000.??.??"]

1. e4 c5 2. d4 cxd4 3. c3 Nf6 4. e5 Nd5 5. cxd4 e6 6. Bc4 d6 7. Nf3 Nc6 8. O-O
Be7 9. exd6 Qxd6 10. Nc3 O-O 11. Bd2 Nb6 12. Bd3 Nxd4 13. Nxd4 Qxd4 14. Bg5 Qb4
15. Qh5 f5 16. a3 Qc5 17. Be3 Qc6 18. Bb5 Qc7 19. Rac1 e5 20. Na4 Qd6 21. Nxb6
axb6 22. Rfd1 Qf6 23. Qf3 Kh8 24. Bd2 e4 25. Qc3 Qg6 26. Bf4 Be6 27. Qc7 Bf6
28. Rb1 Ba2 29. Ra1 Qf7 30. Qxf7 Bxf7 31. Rd2 Rfd8 32. Rad1 Rxd2 33. Rxd2 Rc8
34. g3 g5 35. Be3 Rc1+ 36. Kg2 Bh5 37. Rd8+ Bxd8 38. Bxc1 Bf6 39. Bd7 Bf3+ 40.
Kg1 f4 41. gxf4 gxf4 42. Bxf4 Bxb2 43. a4 Kg7 44. Be3 Bd1 45. Bxb6 Kf6 46. a5
Bb3 47. Bg4 Ke5 48. Bc8 Bd5 49. Bc7+ Kf6 50. Bd7 Be6 51. Bb5 Kf5 52. Kg2 Bd4
53. Bb6 Be5 54. Bc5 Bd5 55. Kh3 Bc7 56. Bb6 Bd6 57. Kg2 Be5 58. Bd7+ Kf6 59.
Kg1 Be6 60. Bb5 Bd6 61. Kg2 Bd5 62. Bd4+ Kf5 63. Bd7+ Be6 64. Bxe6+ Kxe6 65.
Bb6 Be5 66. h4 Kf5 67. f3 Bf6 68. fxe4+ Kxe4 69. Kg3 Ba1 70. Kg4 Bb2 71. Kg5
Bc1+ 72. Kf6 Kf4 73. Ke7 Bd2 74. Kd7 Kf3 75. Kc8 Kg4 76. Bd8 Bxa5 77. Bxa5 Kxh4
78. Kd7 b6 79. Bb4 b5 80. Ke6 h6 81. Kf5 h5 82. Kf4 Kh3 83. Kf3 h4 84. Bd6 b4
85. Be5 b3 86. Bb2 Kh2 87. Be5+ Kh3 88. Bb2 Kh2 89. Be5+ Kh3 {
Game drawn by repetition} 1/2-1/2

[Event "ICS rated blitz match"]
[Site "204.178.125.65"]
[Date "2000.11.19"]
[Round "?"]
[White "Tinker"]
[Black "Hossa"]
[Result "1-0"]
[WhiteElo "2545"]
[BlackElo "2554"]
[PlyCount "105"]
[EventDate "2000.??.??"]

1. e4 e5 2. Nf3 Nf6 3. Nxe5 d6 4. Nf3 Nxe4 5. d4 Bg4 6. Bd3 d5 7. O-O Nc6 8.
Re1 f5 9. c4 Bb4 10. Nc3 O-O 11. cxd5 Bxf3 12. gxf3 Bxc3 13. dxc6 Bxe1 14. Bc4+
Kh8 15. fxe4 Bxf2+ 16. Kxf2 fxe4+ 17. Kg1 bxc6 18. Be3 Rf3 19. Qd2 Rb8 20. Be2
Rf6 21. Rf1 Qd5 22. b3 Rbf8 23. Rxf6 gxf6 24. Kh1 Re8 25. Qb4 f5 26. Qc3 Kg7
27. Bg5 h6 28. Be3 Re7 29. Bc4 Qd6 30. Qd2 Kh7 31. Bf1 Qg6 32. Qe2 Rg7 33. Bg2
h5 34. Bf4 h4 35. Qf1 Qh5 36. a3 Rd7 37. Be5 Rf7 38. b4 Kg8 39. Qe1 Kf8 40. h3
Ke8 41. Qc1 Kd8 42. Qxc6 Kc8 43. Kh2 Kb8 44. Bf1 Rg7 45. Bxg7 Qf7 46. Kh1 Qh5
47. Be5 Qf3+ 48. Bg2 Qd1+ 49. Kh2 Qc1 50. Qxc1 Ka8 51. Qc6+ Kb8 52. Qxc7+ Ka8
53. Qb8# {Hossa checkmated} 1-0

[Event "ICS rated blitz match"]
[Site "204.178.125.65"]
[Date "2000.11.19"]
[Round "?"]
[White "Hossa"]
[Black "PostModernist"]
[Result "0-1"]
[WhiteElo "2538"]
[BlackElo "2645"]
[PlyCount "82"]
[EventDate "2000.??.??"]

1. e4 c6 2. Nc3 g6 3. d3 Bg7 4. Nf3 d5 5. Bf4 d4 6. Ne2 e5 7. Bg3 Qb6 8. b3 Bg4
9. h3 Bxf3 10. gxf3 Nd7 11. f4 O-O-O 12. Bg2 exf4 13. Bxf4 Be5 14. Bd2 Ne7 15.
a4 Rhe8 16. a5 Qa6 17. b4 f5 18. f4 Bf6 19. e5 Bh4+ 20. Kf1 Nf8 21. Ra2 Ne6 22.
Bf3 g5 23. Qa1 Rg8 24. Bh5 c5 25. bxc5 Qc6 26. Rh2 Nxf4 27. Nxf4 Bg3 28. Rg2
gxf4 29. a6 Rd7 30. axb7+ Qxb7 31. e6 Rc7 32. Rb2 Qc6 33. Rb1 f3 34. Rg1 f2 35.
Rg2 Bh4 36. Rxg8+ Nxg8 37. Ke2 f1=Q+ 38. Rxf1 Qg2+ 39. Rf2 Qxf2+ 40. Kd1 Qf1+
41. Be1 Qxe1# {Hossa checkmated} 0-1

[Event "ICS rated blitz match"]
[Site "204.178.125.65"]
[Date "2000.11.20"]
[Round "?"]
[White "Hossa"]
[Black "QueenMaxima"]
[Result "0-1"]
[WhiteElo "2527"]
[BlackElo "2504"]
[PlyCount "130"]
[EventDate "2000.??.??"]

1. e4 d6 2. d4 c6 3. Nc3 Nf6 4. Nf3 Bg4 5. Be2 e6 6. O-O Be7 7. h3 Bxf3 8. Bxf3
Nbd7 9. a4 O-O 10. a5 a6 11. Be3 Qc7 12. Qd2 Rfe8 13. Rfe1 c5 14. Be2 cxd4 15.
Qxd4 Rac8 16. Qd1 Qc6 17. Bc1 Nc5 18. Bf3 Nfd7 19. e5 d5 20. Qd4 Qc7 21. Bh5
Nf8 22. Qg4 Ng6 23. Bxg6 hxg6 24. h4 Nd7 25. Qf4 Qc4 26. Ra4 Qxf4 27. Rxf4 Bd8
28. Ra4 Nc5 29. Ra3 Bxh4 30. Be3 Be7 31. Raa1 Nd7 32. Bd4 Rc4 33. Red1 Rec8 34.
g3 Rb4 35. Na2 Rxd4 36. Rxd4 Nxe5 37. Rdd1 Rxc2 38. Rdc1 Rxb2 39. Rc7 Nc6 40.
Nc3 d4 41. Na4 Rb5 42. Rc8+ Kh7 43. Kg2 g5 44. Rc7 Kg6 45. Rc1 Ba3 46. Rc4 Bb4
47. Rxb7 Rxb7 48. Rxc6 Rb5 49. Rxa6 Rxa5 50. Rxa5 Bxa5 51. Nc5 Kf5 52. Kf3 g4+
53. Ke2 Bb4 54. Nd3 Bd6 55. Nb2 Ke4 56. Nd3 e5 57. Nb2 f5 58. Nc4 d3+ 59. Kf1
Bb4 60. Ne3 Bc3 61. Kg1 d2 62. Kg2 Kd3 63. Nxf5 d1=Q 64. Ne3 Qf3+ 65. Kg1 Be1 {
Hossa resigns} 0-1

[Event "ICS rated blitz match"]
[Site "204.178.125.65"]
[Date "2000.11.20"]
[Round "?"]
[White "PostModernist"]
[Black "Hossa"]
[Result "1-0"]
[WhiteElo "2624"]
[BlackElo "2510"]
[PlyCount "81"]
[EventDate "2000.??.??"]

1. e4 e5 2. Bc4 Nf6 3. d3 c6 4. Bg5 d5 5. Bxf6 gxf6 6. Bb3 Bc5 7. exd5 cxd5 8.
Qf3 Be6 9. Nc3 Bb4 10. Nge2 Na6 11. O-O-O Nc7 12. Ba4+ Kf8 13. d4 Rg8 14. Rdg1
Bg4 15. Qe3 Bxe2 16. Nxe2 b5 17. Bb3 Qd6 18. Qh6+ Ke7 19. c3 Qc6 20. dxe5 Bc5
21. Ng3 Bxf2 22. Rf1 Rg6 23. Nf5+ Ke8 24. Qxh7 Bc5 25. Nh4 Be3+ 26. Kb1 Rg4 27.
Rxf6 Qd7 28. Rhf1 Bf4 29. h3 Bxe5 30. Qh8+ Ke7 31. Rxf7+ Kd6 32. Rxd7+ Kxd7 33.
Qxe5 Rg7 34. Qxg7+ Kd6 35. Nf5+ Kc6 36. Nd4+ Kb7 37. Bxd5+ Kb6 38. Rf6+ Kc5 39.
Qxc7+ Kxd5 40. Qc6+ Ke5 41. Rf5# {Hossa checkmated} 1-0

[Event "ICS rated blitz match"]
[Site "204.178.125.65"]
[Date "2000.11.20"]
[Round "?"]
[White "Killabeezonatak"]
[Black "Hossa"]
[Result "0-1"]
[WhiteElo "2094"]
[BlackElo "2499"]
[PlyCount "32"]
[EventDate "2000.??.??"]

1. e4 c6 2. Nf3 d5 3. Nc3 dxe4 4. Nxe4 Nd7 5. Bc4 Nb6 6. Bb3 a5 7. Ne5 Qd4 8.
Nd6+ exd6 9. Nxf7 Qe4+ 10. Kf1 a4 11. Nxh8 axb3 12. d3 bxc2 13. Qxc2 Qd5 14.
Qe2+ Ne7 15. f3 Bf5 16. Bg5 Bxd3 {Killabeezonatak resigns} 0-1

[Event "ICS rated blitz match"]
[Site "204.178.125.65"]
[Date "2000.11.20"]
[Round "?"]
[White "Hossa"]
[Black "PostModernist"]
[Result "0-1"]
[WhiteElo "2502"]
[BlackElo "2635"]
[PlyCount "104"]
[EventDate "2000.??.??"]

1. d4 f5 2. c4 Nf6 3. g3 c6 4. Nf3 d6 5. Bg2 Qc7 6. Bf4 c5 7. Na3 cxd4 8. Nxd4
e5 9. Ndb5 Qd8 10. Bg5 a6 11. Nc3 Be7 12. O-O Nc6 13. Qd2 O-O 14. Rfd1 Kh8 15.
Rac1 Be6 16. Bxf6 Rxf6 17. Nd5 Rf7 18. Nxe7 Rxe7 19. Rc3 Rc7 20. Rd3 Qe7 21.
Bxc6 bxc6 22. Rxd6 Bd5 23. Rxd5 cxd5 24. Qxd5 Rcc8 25. Qd6 Qf7 26. e3 Qh5 27.
Rd5 e4 28. Qe5 Qe2 29. Rd7 Rg8 30. c5 Rad8 31. Rd6 Rge8 32. Qxf5 Qxb2 33. Rxd8
Rxd8 34. Qxe4 Qxa3 35. Qe7 Rc8 36. Qb7 Qc1+ 37. Kg2 Qxc5 38. Kg1 a5 39. Qd7
Qc1+ 40. Kg2 Qc6+ 41. Qxc6 Rxc6 42. Kf3 a4 43. h4 a3 44. Ke4 Rc2 45. f4 Rxa2
46. Kf3 Rc2 47. h5 a2 48. e4 a1=Q 49. Kg4 Qd1+ 50. Kg5 h6+ 51. Kf5 Qd7+ 52. Kg6
Qe6# {Hossa checkmated} 0-1

[Event "ICS rated standard match"]
[Site "204.178.125.65"]
[Date "2000.11.20"]
[Round "?"]
[White "PostModernist"]
[Black "Hossa"]
[Result "1-0"]
[WhiteElo "2390"]
[BlackElo "2269"]
[PlyCount "109"]
[EventDate "2000.??.??"]

1. e4 c6 2. c4 d5 3. exd5 cxd5 4. cxd5 Nf6 5. Bb5+ Nbd7 6. Nc3 a6 7. Ba4 b5 8.
Bc2 Bb7 9. Nf3 Nxd5 10. a4 Nb4 11. axb5 Nxc2+ 12. Qxc2 e6 13. O-O Bxf3 14. gxf3
axb5 15. Rxa8 Qxa8 16. Nxb5 Qb7 17. Nd4 Bc5 18. Qb3 Qa6 19. Qc3 O-O 20. b4 Bd6
21. b5 Qb7 22. Bb2 Nf6 23. Qc4 Nd5 24. Nc6 Qc7 25. Qd4 f6 26. h4 Nf4 27. Kh1
Qd7 28. Qc4 Kh8 29. Rg1 e5 30. Rg4 Qf5 31. Bc3 Qc2 32. Kh2 Rg8 33. Qf1 Ra8 34.
Na5 Rc8 35. b6 Rb8 36. Nc4 Rd8 37. Nxd6 Qb3 38. Qc4 Qxc4 39. Nxc4 h5 40. Bxe5
Ne6 41. Rg6 Kh7 42. Bxf6 Rd5 43. b7 Rb5 44. Bd4 Nxd4 45. Rb6 Rxb6 46. Nxb6 Nc6
47. Nd7 g6 48. d4 Nxd4 49. b8=Q Nxf3+ 50. Kg3 Nd4 51. Qf8 Ne2+ 52. Kh2 g5 53.
Qf7+ Kh8 54. Nf6 gxh4 55. Qg8# {Hossa checkmated} 1-0

[Event "ICS rated blitz match"]
[Site "204.178.125.65"]
[Date "2000.11.20"]
[Round "?"]
[White "Hossa"]
[Black "top"]
[Result "1-0"]
[WhiteElo "2495"]
[BlackElo "2101"]
[PlyCount "55"]
[EventDate "2000.??.??"]

1. e4 c6 2. c4 d5 3. exd5 cxd5 4. cxd5 Nf6 5. Bb5+ Nbd7 6. Nc3 g6 7. Nf3 Bg7 8.
d6 exd6 9. Qe2+ Qe7 10. Qxe7+ Kxe7 11. O-O Re8 12. d4 Kf8 13. Bf4 a6 14. Bxd6+
Kg8 15. Ba4 b5 16. Bb3 Bb7 17. Ng5 b4 18. Bxb4 a5 19. Bxf7+ Kh8 20. Bd6 Rec8
21. Be6 h6 22. Nf7+ Kh7 23. Ne5 Ra6 24. Nb5 Bc6 25. Nc7 Rb6 26. Rac1 Bf8 27.
Bxf8 Rxf8 28. Nxc6 {top resigns} 1-0

[Event "ICS rated bullet match"]
[Site "204.178.125.65"]
[Date "2000.11.20"]
[Round "?"]
[White "ThePower"]
[Black "Hossa"]
[Result "0-1"]
[WhiteElo "2293"]
[BlackElo "2606"]
[PlyCount "96"]
[EventDate "2000.??.??"]

1. d4 Nf6 2. c3 d5 3. e3 e6 4. Bd3 Bd6 5. f4 c5 6. Nf3 c4 7. Bc2 b5 8. a3 Bb7
9. O-O Nc6 10. Nbd2 Ne7 11. Ne5 a5 12. Qe1 Qb6 13. Qg3 Ng6 14. Kh1 Bc7 15. Ndf3
Ne4 16. Qe1 f6 17. Nxg6 hxg6 18. Nd2 g5 19. Nxe4 dxe4 20. fxg5 Bxh2 21. Qe2 f5
22. g3 Bxg3+ 23. Kg1 Qd8 24. Qg2 Qxg5 25. Rf2 Bxf2+ 26. Kxf2 Qh4+ 27. Qg3 Qh2+
28. Qg2 f4 29. Qxh2 Rxh2+ 30. Kg1 Rxc2 31. exf4 Kf7 32. Be3 Rxb2 33. Rf1 Re2
34. Rf2 Rxe3 35. Kg2 Rxc3 36. Kf1 Rxa3 37. Ke1 Ra1+ 38. Ke2 Ra2+ 39. Kf1 Rxf2+
40. Kxf2 c3 41. Kg3 c2 42. f5 exf5 43. d5 g5 44. d6 Ke6 45. d7 c1=Q 46. d8=Q
Rxd8 47. Kh3 Rd2 48. Kg3 Qc3# {ThePower checkmated} 0-1

[Event "ICS rated bullet match"]
[Site "204.178.125.65"]
[Date "2000.11.20"]
[Round "?"]
[White "oleum"]
[Black "Hossa"]
[Result "0-1"]
[WhiteElo "2205"]
[BlackElo "2615"]
[PlyCount "104"]
[EventDate "2000.??.??"]

1. d4 Nf6 2. c3 d5 3. Nd2 Bf5 4. g3 e6 5. Bg2 c5 6. Ngf3 Nc6 7. O-O cxd4 8.
cxd4 Bd6 9. a3 O-O 10. e3 Qc7 11. Nh4 Bd3 12. Re1 Rfc8 13. Bf1 Bxf1 14. Nxf1 a6
15. Bd2 b6 16. Rc1 g5 17. Nf3 Ne4 18. Bc3 f6 19. N3d2 Nxc3 20. Rxc3 Qf7 21. Qg4
h5 22. Qf3 Qg6 23. Qg2 Qh7 24. f4 Qb7 25. fxg5 fxg5 26. Nf3 g4 27. Ng5 Nd8 28.
Rec1 Rxc3 29. Rxc3 Qe7 30. e4 Qxg5 31. exd5 Qxd5 32. Qxd5 exd5 33. Ne3 b5 34.
Nxd5 Kf7 35. Ne3 Kg6 36. Rc1 Ne6 37. Rf1 Nxd4 38. Nd5 Nf3+ 39. Kf2 Nxh2 40. Rd1
Rf8+ 41. Ke3 Bxg3 42. Nc3 Be5 43. Ne4 Rf3+ 44. Ke2 Bxb2 45. Rd6+ Kf5 46. Nc5
Rxa3 47. Rd8 Nf3 48. Rd7 Bd4 49. Rd5+ Be5 50. Rd8 Ra2+ 51. Rd2 Rxd2+ 52. Ke3
Bd4# {oleum checkmated} 0-1

[Event "ICS rated bullet match"]
[Site "204.178.125.65"]
[Date "2000.11.20"]
[Round "?"]
[White "Hossa"]
[Black "oleum"]
[Result "1-0"]
[WhiteElo "2618"]
[BlackElo "2202"]
[PlyCount "85"]
[EventDate "2000.??.??"]

1. e4 d5 2. exd5 Qxd5 3. Nc3 Qd8 4. Nf3 c6 5. Bc4 Nf6 6. d3 e6 7. O-O Be7 8.
Bf4 O-O 9. Ne4 Nbd7 10. Qe2 Nxe4 11. dxe4 Bf6 12. Bd6 Re8 13. e5 Be7 14. Rfd1
Qb6 15. c3 Bxd6 16. exd6 Qd8 17. Qe3 Nf6 18. Qd4 Bd7 19. Ne5 Rc8 20. Qxa7 Rb8
21. Bd3 h6 22. Rd2 Ra8 23. Qxb7 Rb8 24. Qa7 Ra8 25. Qd4 Rc8 26. Qc5 Nd5 27. Ba6
Ra8 28. Bb7 Rb8 29. Bxc6 Rc8 30. Nxd7 Qxd7 31. Bxd7 Rxc5 32. Bxe8 Kf8 33. d7
Ke7 34. f3 Rc7 35. g3 Rxd7 36. Bxd7 Kxd7 37. c4 Kc6 38. cxd5+ exd5 39. Rc1+ Kd6
40. Rcd1 Ke6 41. Rxd5 Kf6 42. Rd6+ Kf5 43. R1d5# {oleum checkmated} 1-0

[Event "ICS rated bullet match"]
[Site "204.178.125.65"]
[Date "2000.11.20"]
[Round "?"]
[White "oleum"]
[Black "Hossa"]
[Result "0-1"]
[WhiteElo "2199"]
[BlackElo "2621"]
[PlyCount "64"]
[EventDate "2000.??.??"]

1. c3 c5 2. d3 d5 3. Nd2 e5 4. e4 Nf6 5. Be2 Bd6 6. h3 O-O 7. Ngf3 Nc6 8. Qc2
Be6 9. Nf1 dxe4 10. dxe4 Qa5 11. Be3 Nd4 12. Qd1 Rfd8 13. N3d2 Nxe2 14. Qxe2
Qa4 15. b3 Qa5 16. Nb1 Nxe4 17. Bd2 f5 18. b4 cxb4 19. c4 Rac8 20. f3 Bxc4 21.
Qe3 Bc5 22. fxe4 Bxe3 23. Nxe3 Bxa2 24. Nxf5 Rc4 25. Rf1 Rxe4+ 26. Kd1 Bb3+ 27.
Kc1 Qxa1 28. Ne7+ Kh8 29. Nd5 Rc4+ 30. Bc3 Rxc3+ 31. Kd2 Qa2+ 32. Ke1 Rc1# {
oleum checkmated} 0-1

[Event "ICS rated blitz match"]
[Site "204.178.125.65"]
[Date "2000.11.20"]
[Round "?"]
[White "sekere"]
[Black "Hossa"]
[Result "1-0"]
[WhiteElo "2200"]
[BlackElo "2498"]
[PlyCount "63"]
[EventDate "2000.??.??"]

1. e4 c5 2. d4 cxd4 3. Nf3 e5 4. c3 Qa5 5. Bd3 Nf6 6. O-O dxc3 7. Nxc3 Nc6 8.
Bg5 Be7 9. a3 Nd4 10. h3 O-O 11. Rc1 d6 12. Bxf6 Bxf6 13. Nxd4 exd4 14. Nd5 Qd8
15. Qf3 Be5 16. Qe2 Be6 17. f4 Bxd5 18. exd5 Bf6 19. Qe4 g6 20. f5 Re8 21. Qg4
Bg5 22. fxg6 fxg6 23. Rce1 Be3+ 24. Kh1 Qc7 25. Rf6 Qa5 26. Ref1 Kh8 27. Rf7
Re7 28. Rxe7 Qc7 29. Rxc7 Bg5 30. Qxg5 Kg8 31. Qe7 Kh8 32. Qg7# {
Hossa checkmated} 1-0

[Event "ICS rated bullet match"]
[Site "204.178.125.65"]
[Date "2000.11.20"]
[Round "?"]
[White "Hossa"]
[Black "defender3450"]
[Result "1-0"]
[WhiteElo "2624"]
[BlackElo "1938"]
[PlyCount "99"]
[EventDate "2000.??.??"]

1. e4 d5 2. exd5 Nf6 3. d4 Bg4 4. f3 Bf5 5. Bb5+ Nbd7 6. c4 a6 7. Bxd7+ Qxd7 8.
Nc3 e6 9. g4 Bg6 10. Nge2 exd5 11. g5 Ng8 12. Nxd5 O-O-O 13. Bf4 Bd6 14. Bxd6
Qxd6 15. O-O Ne7 16. Nef4 Nxd5 17. Nxd5 c6 18. Ne3 Qxd4 19. Qxd4 Rxd4 20. Rad1
Rxd1 21. Rxd1 Re8 22. Kf2 Kc7 23. b4 f6 24. gxf6 gxf6 25. Ng4 f5 26. Nf6 Re7
27. c5 b6 28. cxb6+ Kxb6 29. a4 Kc7 30. Kg3 Kb6 31. Nd7+ Kc7 32. Nc5 Kb6 33.
Rc1 Re3 34. Kf4 Re2 35. Nd7+ Kc7 36. Ne5 Rxh2 37. b5 axb5 38. axb5 Rh4+ 39. Kg5
Rb4 40. Nxg6 hxg6 41. bxc6 Rb6 42. Kxg6 Rxc6+ 43. Rxc6+ Kxc6 44. Kxf5 Kd6 45.
f4 Ke7 46. Kg6 Kf8 47. f5 Kg8 48. f6 Kf8 49. f7 Ke7 50. Kg7 {
defender3450 resigns} 1-0

[Event "ICS rated blitz match"]
[Site "204.178.125.65"]
[Date "2000.11.20"]
[Round "?"]
[White "Hossa"]
[Black "xypher"]
[Result "0-1"]
[WhiteElo "2471"]
[BlackElo "2690"]
[PlyCount "120"]
[EventDate "2000.??.??"]

1. e4 e5 2. Bc4 Nf6 3. d3 c6 4. Bg5 d5 5. Bxf6 gxf6 6. Bb3 Rg8 7. g3 dxe4 8.
dxe4 Qxd1+ 9. Kxd1 Na6 10. Nd2 Bc5 11. Ke1 Bg4 12. h3 Bh5 13. g4 Bg6 14. Ngf3
O-O-O 15. Rd1 Rd6 16. Nh4 Rgd8 17. Nxg6 fxg6 18. Rh2 Bb6 19. Bc4 Nc5 20. f3 Na4
21. Rb1 Bd4 22. c3 Be3 23. Nf1 Bg5 24. h4 Bf4 25. Rg2 Kb8 26. h5 gxh5 27. gxh5
Bg5 28. a3 b5 29. Bb3 Nc5 30. Bc2 Bh4+ 31. Ke2 Ne6 32. Rg4 Nf4+ 33. Rxf4 exf4
34. Bb3 Kc7 35. Rc1 f5 36. e5 Re8 37. Nd2 Rxe5+ 38. Kd1 Be1 39. Rc2 Bf2 40. Rc1
Re1+ 41. Kc2 Rxc1+ 42. Kxc1 Be3 43. Kb1 Rxd2 44. Bg8 Rh2 45. Bxh7 Rxh5 46. Bg6
Rh3 47. Bxf5 Rxf3 48. Be4 Rf1+ 49. Kc2 f3 50. a4 f2 51. Bg2 Rg1 52. Bh3 bxa4
53. Kd3 Bc5 54. Kd2 f1=N+ 55. Kd3 Rg3+ 56. Kc4 Rxh3 57. Kxc5 Rh4 58. b3 Nd2 59.
c4 a5 60. bxa4 Rxc4# {Hossa checkmated} 0-1

[Event "ICS rated standard match"]
[Site "204.178.125.65"]
[Date "2000.11.20"]
[Round "?"]
[White "Hossa"]
[Black "BrazilianMaster"]
[Result "0-1"]
[WhiteElo "2258"]
[BlackElo "2624"]
[PlyCount "160"]
[EventDate "2000.??.??"]

1. e4 e5 2. Nf3 Nc6 3. Bb5 a6 4. Ba4 Nf6 5. Qe2 b5 6. Bb3 Be7 7. O-O O-O 8. c3
d6 9. Rd1 Na5 10. Bc2 c5 11. d4 Qc7 12. dxe5 dxe5 13. b3 Bg4 14. h3 Be6 15. Be3
Nc6 16. Ng5 Bd7 17. Nf3 Rfd8 18. Nbd2 Qa5 19. Nb1 Be6 20. Ng5 Rxd1+ 21. Bxd1
Bd7 22. Qc2 Rc8 23. Nd2 h6 24. Ngf3 Be6 25. Qb2 Rd8 26. Be2 Qc7 27. Rd1 Bd6 28.
Ne1 Qe7 29. Nef3 Bc8 30. Bd3 Bb8 31. Be2 Bc7 32. a3 Be6 33. a4 bxa4 34. bxa4
Bc8 35. Ne1 Nd4 36. Bc4 Nd7 37. Qa3 Nb6 38. Bd3 Qf8 39. Rb1 Nd7 40. Nc4 Ne6 41.
a5 Nf6 42. Bc2 Bd7 43. Nd3 Nxe4 44. Ndxe5 Nd6 45. Nxd7 Nxc4 46. Qa4 Qd6 47.
Nf6+ gxf6 48. Qxc4 Qh2+ 49. Kf1 Qh1+ 50. Ke2 Qxg2 51. Qh4 Ng5 52. Qxh6 Qf3+ 53.
Kf1 Re8 54. Re1 Bg3 55. Rd1 Bf4 56. Re1 Bxe3 57. Rxe3 Rxe3 58. Bh7+ Nxh7 59.
Qxe3 Qxe3 60. fxe3 Ng5 61. Ke2 c4 62. e4 Nxe4 63. Ke3 Nd6 64. h4 Kg7 65. Kd4
Kh6 66. Ke3 Kh5 67. Kf3 Kxh4 68. Kf4 Kh5 69. Kg3 Ne4+ 70. Kf4 Nxc3 71. Kf5 Nb5
72. Kxf6 c3 73. Kxf7 c2 74. Ke6 c1=Q 75. Kd5 Qd2+ 76. Kc4 Qd4+ 77. Kb3 Qc3+ 78.
Ka2 Nd4 79. Kb1 Qc2+ 80. Ka1 Nb3# {Hossa checkmated} 0-1

[Event "ICS rated blitz match"]
[Site "204.178.125.65"]
[Date "2000.11.20"]
[Round "?"]
[White "WICKER-MAN"]
[Black "Hossa"]
[Result "0-1"]
[WhiteElo "2011"]
[BlackElo "2464"]
[PlyCount "48"]
[EventDate "2000.??.??"]

1. e4 e5 2. f4 exf4 3. Nf3 h6 4. d4 g5 5. Bc4 d6 6. O-O Bg7 7. c3 Nc6 8. Nbd2
Nf6 9. g3 Bh3 10. Rf2 Ng4 11. gxf4 Nxf2 12. Kxf2 gxf4 13. Qg1 Qf6 14. Nb3 Rg8
15. Bd2 O-O-O 16. a4 Rde8 17. a5 Rxe4 18. Re1 Rxe1 19. Qxe1 Qf5 20. a6 Bxd4+
21. Nbxd4 Rg2+ 22. Kf1 Rxh2+ 23. Kg1 Qg4+ 24. Kxh2 Qg2# {WICKER-MAN checkmated}
0-1

[Event "ICS rated blitz match"]
[Site "204.178.125.65"]
[Date "2000.11.20"]
[Round "?"]
[White "WICKER-MAN"]
[Black "Hossa"]
[Result "0-1"]
[WhiteElo "2018"]
[BlackElo "2466"]
[PlyCount "54"]
[EventDate "2000.??.??"]

1. e4 e5 2. d4 exd4 3. c3 d5 4. exd5 Qxd5 5. cxd4 Nc6 6. Nf3 Bg4 7. Be2 O-O-O
8. Nc3 Qa5 9. O-O Bxf3 10. Bxf3 Nxd4 11. Bg4+ f5 12. Bf3 Nf6 13. Bg5 Qb6 14.
Bxf6 Qxf6 15. Nd5 Qe5 16. Ne3 Bd6 17. g3 f4 18. Nc4 Qf6 19. Bg4+ Kb8 20. Nxd6
Qxd6 21. Rc1 Qb6 22. b4 fxg3 23. hxg3 Qxb4 24. Rb1 Qa3 25. Rb3 Nxb3 26. axb3
Rxd1 27. Rxd1 Qxb3 {WICKER-MAN resigns} 0-1